FIORI DI SONETTI/FLORES DE SONETOS (Registro nro. 46430)
[ vista simple ]
| 000 -LEADER | |
|---|---|
| fixed length control field | 00779nam a2200181 a 4500 |
| 001 - CONTROL NUMBER | |
| control field | 46430 |
| 005 - DATE AND TIME OF LATEST TRANSACTION | |
| control field | 20180714030009.0 |
| 008 - FIXED-LENGTH DATA ELEMENTS--GENERAL INFORMATION | |
| fixed length control field | 140415s2001 mx 000 0 spa d |
| 020 ## - INTERNATIONAL STANDARD BOOK NUMBER | |
| International Standard Book Number | 9687870990 |
| 041 ## - LANGUAGE CODE | |
| Language code of text/sound track or separate title | spa |
| 082 ## - DEWEY DECIMAL CLASSIFICATION NUMBER | |
| Classification number | 808.8142 |
| Item number | FIO |
| 245 00 - TITLE STATEMENT | |
| Title | FIORI DI SONETTI/FLORES DE SONETOS |
| 250 ## - EDITION STATEMENT | |
| Edition statement | 1a ed. |
| 260 ## - PUBLICATION, DISTRIBUTION, ETC. | |
| Place of publication, distribution, etc. | MEXICO : |
| Name of publisher, distributor, etc. | ALDUS, |
| Date of publication, distribution, etc. | 2001 |
| 300 ## - PHYSICAL DESCRIPTION | |
| Extent | 291 |
| Dimensions | 20 x 1.8 x 25.7 |
| 520 ## - SUMMARY, ETC. | |
| Summary, etc. | ESTAS FLORES DE SONETO SON POR UN LADO, UNA RADIOGRAFIA POSIBLE DE COMO LA POPESIA ESPAÑOLA COBRO GIROS Y MATRICES DISTINTOS CON EL SONETO, VOLVIENDOSE CON ELLO UN PRODUCTO RENOVADO Y DISTINTO Y POR OTRO SON LA MUESTRA DE LA DEVOCION QUE LA POESIA PUEDE GENERAR NATURALMENTE EN LA SENSIBILIDAD DE LA GENTE |
| 650 14 - SUBJECT ADDED ENTRY--TOPICAL TERM | |
| Topical term or geographic name entry element | LITERATURA ESPAOLA |
| General subdivision | SONETOS ESPAOLES |
| Withdrawn status | Lost status | Source of classification or shelving scheme | Damaged status | Not for loan | Collection code | Home library | Current library | Shelving location | Date acquired | Source of acquisition | Inventory number | Total Checkouts | Full call number | Barcode | Date last seen | Date last checked out | Price effective from | Koha item type |
|---|---|---|---|---|---|---|---|---|---|---|---|---|---|---|---|---|---|---|
| Dewey Decimal Classification | General | Biblioteca Karol Wojtyla | Biblioteca Karol Wojtyla | Sala general | 03/12/2013 | Compra | 151000000000000000032131 | 808.8142 FIO | 69662 | 05/01/2026 | 28/03/2015 | 03/12/2013 | Libro |